000
00272nam a22001217a 4500
008
180918b xxu||||| |||| 00| 0 eng d
041
_a
eng
080
_a
610
100
_a
6
101
_a
ANE
245
_a
Introduction To Anesthesia
_c
Longnecker.D.E
942
_2
udc
_c
BK
999
_c
47954
_d
47954